| 000 | 00697nam a22002297a 4500 | ||
|---|---|---|---|
| 999 |
_c977 _d977 |
||
| 001 | 10500 | ||
| 003 | BD-DhUAP | ||
| 005 | 20200202160636.0 | ||
| 008 | 200129r20041993bg |||| |||| 001 0 eng d | ||
| 020 | _a9848372091 | ||
| 040 |
_aBD-DhUAP _bEng _cBD-DhUAP _dBD-DhUAP |
||
| 082 |
_223 _a340.2 KHA |
||
| 100 | _aKhan, Hamiduddin. | ||
| 245 |
_aJurisprudence and comparative legal theory / _bHamiduddin Khan. |
||
| 260 |
_aDhaka : _bThe Book Fair, _c1993 [Reprinted 2004]. |
||
| 300 |
_a284 pages ; _b22 cm. |
||
| 500 | _aIncludes index. | ||
| 650 |
_aComparative law _v Study and teaching. |
||
| 650 |
_aLaw _v Study and teaching. |
||
| 650 |
_aJurisprudence _vStudy and teaching. |
||
| 942 |
_2ddc _cBK |
||